The pastor's manual. (Record no. 8730)

000 -LEADER
fixed length control field 00624nam a2200205 a 4500
001 - CONTROL NUMBER
control field :::00006508$&:&@@
003 - CONTROL NUMBER IDENTIFIER
control field OkBaRHE
005 - DATE AND TIME OF LATEST TRANSACTION
control field 20000607103331.0
008 - FIXED-LENGTH DATA ELEMENTS--GENERAL INFORMATION
fixed length control field s1962 j 000 0 eng u
040 ## - CATALOGING SOURCE
Transcribing agency
100 1# - MAIN ENTRY--PERSONAL NAME
Personal name Hobbs, James Randolph.
245 14 - TITLE STATEMENT
Title The pastor's manual.
260 ## - PUBLICATION, DISTRIBUTION, ETC. (IMPRINT)
Place of publication, distribution, etc Nashville, TN., :
Name of publisher, distributor, etc Broadman Press
Date of publication, distribution, etc c1962
300 ## - PHYSICAL DESCRIPTION
Extent 253 p. ;
Dimensions 18 cm.
650 ## - SUBJECT ADDED ENTRY--TOPICAL TERM
Topical term or geographic name as entry element Funeral Service
650 ## - SUBJECT ADDED ENTRY--TOPICAL TERM
Topical term or geographic name as entry element Occasional Services
650 ## - SUBJECT ADDED ENTRY--TOPICAL TERM
Topical term or geographic name as entry element Pastoral Theology
General subdivision Handbooks, Manuals, etc.
942 ## - ADDED ENTRY ELEMENTS (KOHA)
Source of classification or shelving scheme
Koha item type Books
Copies
Shelving location Permanent Location Barcode Damaged status Not for loan Withdrawn status Price effective from Date last seen Source of classification or shelving scheme Copy number Lost status Koha item type Date acquired Full call number
General StacksRHEMA Bible Training College6508   2010-04-142010-04-14 1 Books2010-04-14BV 199 .H63